000 00537nam a2200205Ia 4500
005 20241129115530.0
008 241129s9999||||xx |||||||||||||| ||und||
020 _a9789390372614
037 _aTB
040 _aSDCL
_beng
_cSDCL
041 _ahin
_2hin
084 _aV2'P R3
_qSDCL
245 0 _aBharatiya vaishvik parishad : Vaishvik samiksha 2022
260 _aNew Delhi
_bPrabhat Prakashan
_c2023
300 _a932p.
365 _aINR
_b1500
650 _aGift
942 _cTB
_hV2'P R3
999 _c1230853
_d1230853